Statistiques concernant Les 16 Royaumes fondées par les Turcs.

Cliquez ici pour prendre le quiz!

Statistiques générales

  • Ce quiz a été pris 27 fois
  • Le résultat moyen est 5 sur 16

Statistiques - réponses

Réponse% Correct
Ottomans
85%
Seldjoukides
60%
Grands Huns
45%
Hun Blancs
45%
Huns de l’ouest
45%
Huns Européens
45%
Horde d’Or
25%
Ouïghours
25%
Timourides
25%
Göktürks
20%
Khazars
10%
Avars
5%
Baburides
5%
Ghaznévides
5%
Khwârazm Shahs
5%
Qarakhanides
5%

Distribution des résultats

Percentile par nombre de réponses

% des personnes avec chaque résultat

Votre développement - résultats

Vous n’avez pas pris ce quiz